Commercial chicken production manual /

Guardado en:
Autor Principal: North, Mack O.
Otros Autores: Bell, Donald D., 1933-
Formato: Libro
Idioma:English
Publicado: New York : Van Nostrand Reinhold, c1990.
Edición:4th ed.
Etiquetas: Agregar Etiqueta
Sin Etiquetas, Sea el primero en etiquetar este registro!
LEADER 00614pam a2200181 a 4500
001 EEA.libagro009273
005 20161013104803.0
008 890713s1990####nyua#####bf###001#0#eng##
020 |a 0412071614 
082 0 0 |a 636.5 
100 1 |a North, Mack O. 
245 1 0 |a Commercial chicken production manual /  |c Mack O. North, Donald D. Bell. 
250 |a 4th ed. 
260 |a New York :  |b Van Nostrand Reinhold,  |c c1990. 
300 |a x, 913 p. :  |b il. ;  |c 26 cm. 
504 |a Incluye referencias bibliográficas (p. 889-891) e índice. 
700 1 |a Bell, Donald D.,  |d 1933- 
859 |a AR-BbBCA  |b BIB. AGRONOMIA  |h 636.5  |i N866a4  |p 1997/2926